Retrouvez le nom de ses groupes composés de frère(s) et/ou de soeur(s) - Statistiques

Statistiques générales
  • Ce quiz a été pris 42 fois
  • Le résultat moyen est 3 sur 10
Statistiques - réponses
Hint Réponse % Correct
Les frères Gallagher Oasis
78%
Les sœurs Pointer The Pointer Sisters
49%
Le frère et les sœurs Corr The Corrs
41%
Les frères Hanson Hanson
37%
Les frères Gibbs Bee Gees
32%
Les sœurs Muñoz Las Ketchup
29%
Les frères Ordonez BigFlo et Oli
27%
Les frères Andrieu PNL
24%
Les sœurs Haim HAIM
10%
Les sœurs Wiggin The Shaggs
2%
Aucun quiz correspondant
Distribution des résultats
% des personnes avec chaque résultat
Percentile par nombre de réponses
Votre historique - résultats
Vous n’avez pas pris ce quiz